[Event "Barcelona CC-ch Amateurs B"]
[Site "Barcelona"]
[Date "2019.06.14"]
[Round "4"]
[White "Vidal Sanchez, Francesc"]
[Black "Ruiz Serra, Guillem"]
[Result "0-1"]
[WhiteElo "1533"]
[BlackElo "1381"]
[PlyCount "76"]
[EventDate "2019.06.11"]
[EventType "tourn"]
[EventRounds "9"]
[EventCountry "CAT"]
[SourceTitle "EXT 2020"]
[Source "ChessBase"]
[SourceDate "2019.10.17"]
[SourceVersion "1"]
[SourceVersionDate "2019.10.17"]
[SourceQuality "1"]

1. Nf3 Nf6 2. b3 g6 3. Bb2 Bg7 4. d4 d5 5. e3 0-0 6. Nbd2 b6 7. Bd3 a5 8. a4 Ba6 9. Bxa6 Nxa6 10. c3 c5 11. 0-0 Qc7 12. Qe2 Ne4 13. Nxe4 dxe4 14. Nd2 f5 15. Rac1 e5 16. Kh1 Rfe8 17. Ba3 Qb7 18. Nc4 Rad8 19. dxc5 bxc5 20. Nxa5 Qb6 21. Qc4+ Kh8 22. b4 Rc8 23. Qb3 Qe6 24. Qxe6 Rxe6 25. b5 Nb8 26. c4 Nd7 27. Rfd1 Nb6 28. Nb3 Nxa4 29. Rd5 Bf8 30. Ra1 Kg7 31. Bc1 Nb6 32. Ba3 Nxd5 33. cxd5 Rb6 34. f4 exf4 35. Bb2+ Kh6 36. exf4 Rxb5 37. Ra3 c4 38. Bd4 Bxa3 0-1